Gaming Quiz

Random Gaming Quiz
Score 0/145 Timer 10:00
0 Plays Today
Hint Answer % Correct
IvernDaisy!
75%
AatroxWorld Ender
75%
Tahm KenchAbyssal Voyage
50%
BrandPyroclasm
50%
Cho'gathFeast
50%
GalioHero's Entrance
50%
HeimerdingerUPGRADE!!!
50%
EzrealTrueshot Barrage
50%
Kai'saKiller Instinct
50%
BlitzcrankStatic Field
50%
CaitlynAce in the Hole
50%
IreliaVanguard's Edge
50%
FiddlesticksCrowstorm
50%
JinxSuper Mega Death Rocket!
50%
CassiopeiaPetrifying Gaze
50%
FioraGrand Challenge
50%
JayceTransform: Mercury Cannon
50%
CamilleHextech Ultimatum
50%
Dr. MundoSadism
50%
BraumGlacial Fissure
50%
Aurelion SolVoice of Light
50%
EkkoChronobreak
50%
AzirEmperor's Divide
50%
AsheEnchanted Crystal Arrow
50%
EliseSpider Form
50%
DariusNoxian Guillotine
50%
GnarGNAR!
50%
AhriSpirit Rush
50%
AmumuCurse of the Sad Mummy
50%
FizzChum the Waters
50%
DravenWhirling Death
50%
DianaLunar Rush
50%
JhinCurtain Call
50%
IllaoiLeap of Faith
50%
AnnieTibbers
50%
AlistarUnbreakable Will
50%
Jarvan IVCataclysm
50%
AniviaGlacial Storm
50%
GarenDemacian Justice
50%
GragasExplosive Cask
50%
GravesCollateral Damage
50%
AkaliPerfect Execution
50%
KalistaFate's Call
50%
GangplankCannon Barrage
50%
BardTempered Fate
50%
JannaMonsoon
50%
JaxGrandmaster's Might
50%
HecarimOnslaught of Shadows
25%
ZedDeath Mark
25%
Hint Answer % Correct
SyndraUnleashed Power
25%
KennenSlicing Maelstrom
25%
MaokaiNature's Grasp
25%
SionUnstoppable Onslaught
25%
TalonShadow Assault
25%
NautilusDepth Charge
25%
ViktorChaos Storm
25%
NeekoPop Blossom
25%
LuxFinal Spark
25%
TeemoNoxious Trap
25%
KassadinRiftwalk
25%
KaynUmbral Trespass
25%
CorkiMissile Barage
25%
Twisted FateDestiny
25%
MorganaSoul Shackles
25%
SonaCrescendo
25%
XayahFeatherstorm
25%
KayleDivine Judgement
25%
RakanThe Quickness
25%
Xin ZhaoCrescent Guard
25%
MalphiteUnstoppable Force
25%
QuinnBehind Enemy Lines
25%
RumbleThe Equalizer
25%
PoppyKeeper's Verdict
25%
SorakaWish
25%
TrundleSubjugate
25%
Lee SinDragon's Rage
25%
LuluWild Growth
25%
ShenStand United
25%
RengarThrill of the Hunt
25%
LissandraFrozen Tomb
25%
TryndamereUndying Rage
25%
OriannaCommand: Shockwave
25%
SejuaniGlacial Prison
25%
ZoePortal Jump
25%
SylasHijack
25%
ZyraStranglethorns
25%
VolibearThunder Claws
25%
Rek'SaiVoid Rush
25%
NunuAbsolute Zero
25%
Kha'ZikVoid Assault
25%
KarthusRequiem
25%
NamiTidal Wave
25%
PantheonGrand Skyfall
25%
OrnnCall of the Forge God
25%
KarmaMantra
25%
TaricCosmic Radiance
25%
VarusChain of Corruption
25%
LeonaSolar Flare
25%
Hint Answer % Correct
SingedInsanity Potion
25%
LeblancMimic
25%
YuumiFinal Chapter
25%
RenektonDominus
25%
SkarnerImpale
25%
WukongCyclone
25%
RammusTremors
25%
TwitchSpray and Pray
25%
NocturneParanoia
25%
ThreshThe Box
25%
EvelynnLast Caress
25%
VeigarPrimordial Burst
25%
KledCharge
25%
Miss FortuneBullet Time
25%
UdyrPhoenix Stance
25%
MalzaharNether Grasp
25%
ZileanChronoshift
25%
OlafRagnarok
25%
SwainDemonic Ascension
25%
SivirOn The Hunt
25%
ViAssault and Battery
25%
Master YiHighlander
25%
Vel'kozLife Form Disintegration Ray
25%
LucianThe Culling
25%
ZacLet's Bounce!
25%
KatarinaDeath Lotus
25%
MordekaiserRealm of Death
25%
NidaleeAspect of the Cougar
25%
PykeDeath From Below
25%
RyzeRealm Warp
25%
YasuoLast Breath
25%
ShacoHallucinate
25%
ZiggsMega Inferno Bomb
25%
VayneFinal Hour
25%
NasusFury of the Sands
25%
KindredLamb's Respite
25%
TristanaBuster Shot
25%
VladimirHemoplague
25%
ShyvanaDragon's Descent
25%
TaliyahWeaver's Wall
25%
QiyanaSupreme Display of Talent
25%
UrgotFear Beyond Death
0%
YorickEulogy of the Isles
0%
WarwickInfinite Duress
0%
XerathArcane Barage
0%
RivenBlade of the Exile
0%
Kog'mawLiving Atrillery
0%

You're not logged in!

Compare scores with friends on all Sporcle quizzes.
OR
Log In

Sporcle TV

Today on Sporcle TV


Watch our educational content, quiz creation guides, and fun videos on Sporcle TV.

Show Comments

Extras

Created Jun 28, 2019ReportNominate
Tags:Ability, champion, ultimate

Top Quizzes Today


Score Distribution

Paid Content

Your Account Isn't Verified!

In order to create a playlist on Sporcle, you need to verify the email address you used during registration. Go to your Sporcle Settings to finish the process.

Report this User

Report this user for behavior that violates our Community Guidelines.

Details: